Oficiální duhové stránky Internetu. Adresár světového, českého a slovenského Internetu

Gespeichert in:
Bibliographische Detailangaben
Format: Buch
Sprache:Tschechisch
Veröffentlicht: Praha : Computer Press, 1996
Ausgabe:1. vyd.
Tags: Tag hinzufügen
Keine Tags, Fügen Sie das erste Tag hinzu!

MARC

LEADER 00000nam a22000003a 4500
001 stu32064
005 20150408180950.7
008 960109s1996----xr------------------cze-d
020 |a 80-85896-71-0 
040 |a STU  |b slo 
041 0 |a cze 
044 |a xr 
245 |a Oficiální duhové stránky Internetu. Adresár světového, českého a slovenského Internetu 
250 |a 1. vyd. 
260 |a Praha :  |b Computer Press,  |c 1996 
300 |a 842 s 
996 |b 284J004242  |c J*92748  |l JJSK  |s A  |a 24  |w stu32064_0001